Postacie z Naruto - Statystyki

Ogólne statystyki
  • Ten quiz został rozwiązany 922 razy
  • Średni wynik to 10 z 11
Statystyki odpowiedzi
Postacie Odpowiedź % Poprawnych
Tytułowy bohater Naruto
100%
Rywal tytułowego bohatera Sasuke
100%
Brat Sasuke Itachi
98%
Nauczyciel drużyny tytułowego bohatera Kakashi
98%
Różowowłosa kunoichi Sakura
98%
Kochała Naruto Hinata
97%
Ojciec Naruto Minato
94%
Kuzyn Hinaty z gałęzi klanu Neji
91%
Leniwy ninja posługujący się cieniami Shikamaru
89%
Nauczyciel Naruto oraz jego ojca Jiraiya
64%
Ojciec Sasuke Fugaku
54%
Nie znaleziono quizów pasujących do podanych kryteriów
Rozkład punktacji
Procent ludzi z każdym wynikiem
Percentyl według liczby udzielonych odpowiedzi
Twoja historia wyników
Nie rozwiązałeś tego quizu